| 000 | 00489nam a2200157Ia 4500 | ||
|---|---|---|---|
| 008 | 150121s9999 xx 000 0 und d | ||
| 020 | _a2244-5846 | ||
| 245 |
_aASLP Journal / _h[electronic resource] |
||
| 260 |
_bAssociation of Special Libraries of the Philippines, _c2014. |
||
| 516 | _aElectronic text | ||
| 650 | _aLibrarianship. | ||
| 650 | _aSpecial Librarianship. | ||
| 830 | _aPhilippine E-Journals | ||
| 856 | _uhttp://www.ejournals.ph/index.php?journal=ASLPJ | ||
| 942 | _cEJ | ||
| 999 |
_c276993 _d276993 |
||